[Event "DEM U10w 2017"]
[Site "Willingen GER"]
[Date "2017.06.06"]
[Round "5"]
[White "Stepanjan, Marianne"]
[Black "Ramien, Hannah"]
[Result "0-1"]
[Termination "normal"]
[Board "7"]
[WhiteElo "880"]
[BlackElo "1243"]
[PlyCount "142"]
[WhiteFideId "16246110"]
[BlackFideId "16209982"]
[EventCountry "GER"]
[EventRounds "11"]
[EventType "swiss"]
[EventDate "2017.06.03"]

1. e4 e5 2. Nf3 Nc6 3. Bb5 a6 4. Ba4 Nf6 5. Nc3 b5 6. Bb3 Na5 7. Nxe5 Nxb3 8.
axb3 Bb7 9. d3 d6 10. Ng4 Be7 11. Be3 c5 12. O-O Qd7 13. Nxf6+ Bxf6 14. Qf3
O-O-O 15. Nd5 Bxd5 16. exd5 Kb7 17. Ra2 Kb6 18. c3 Qe7 19. Rfa1 Ra8 20. d4 cxd4
21. Bxd4+ Bxd4 22. cxd4 Rhe8 23. h3 Qf6 24. Qc3 Rec8 25. Qa5+ Kb7 26. Qd2 Qf5
27. Rc1 Rxc1+ 28. Qxc1 Qxd5 29. Qd1 a5 30. Ra3 Kb6 31. Kf1 Rc8 32. Qd2 b4 33.
Ra1 Qxb3 34. d5 Qc4+ 35. Kg1 Qc2 36. Qd4+ Rc5 37. Qxg7 Qg6 38. Qxg6 fxg6 39.
Rd1 Rc2 40. b3 Rc3 41. Rb1 Kc5 42. Ra1 Kb5 43. Rb1 a4 44. bxa4+ Kxa4 45. Kf1
Rc2 46. f3 Ka3 47. Ke1 b3 48. Kd1 Ka2 49. Rxb3 Kxb3 50. g3 Rh2 51. h4 Rh3 52.
Ke2 Rxg3 53. Ke3 Rh3 54. Kf4 Rxh4+ 55. Kg5 Rh5+ 56. Kf4 Kc4 57. Ke3 Kxd5 58.
Kd3 Rf5 59. Ke2 Kc4 60. Ke3 d5 61. Ke2 d4 62. Kf2 d3 63. Ke1 Kc3 64. Kd1 d2 65.
f4 h6 66. Ke2 Kc2 67. Ke3 d1=R 68. Ke4 Rf1 69. Kd4 R1xf4+ 70. Ke3 Rg4 71. Ke2
Re4# 0-1

[Event "DEM U10w 2017"]
[Site "Willingen GER"]
[Date "2017.06.06"]
[Round "5"]
[White "Hubert, Charlotte"]
[Black "Voigt, Anastasia"]
[Result "0-1"]
[Termination "normal"]
[Board "8"]
[WhiteElo "1028"]
[BlackElo "1181"]
[PlyCount "42"]
[WhiteFideId "16265920"]
[BlackFideId "16235223"]
[EventCountry "GER"]
[EventRounds "11"]
[EventType "swiss"]
[EventDate "2017.06.03"]

1. e4 e5 2. Nf3 Nc6 3. Bc4 Bc5 4. c3 Nf6 5. d3 d6 6. O-O O-O 7. Re1 Bg4 8. h3
Bh5 9. Nbd2 Re8 10. Nf1 d5 11. exd5 Nxd5 12. Ng3 Nf6 13. Nxh5 Nxh5 14. d4 Bd6
15. dxe5 Bxe5 16. Qxd8 Raxd8 17. Nxe5 Nxe5 18. Bb3 Nf3+ 19. gxf3 Rxe1+ 20. Kg2
Rde8 21. h4 Nf4+ 0-1

[Event "DEM U10w 2017"]
[Site "Willingen GER"]
[Date "2017.06.06"]
[Round "5"]
[White "Wilmink, Anna"]
[Black "Alhassan, Jodi"]
[Result "1-0"]
[Termination "normal"]
[Board "9"]
[WhiteElo "1140"]
[BlackElo "953"]
[PlyCount "61"]
[WhiteFideId "16273680"]
[BlackFideId "16250460"]
[EventCountry "GER"]
[EventRounds "11"]
[EventType "swiss"]
[EventDate "2017.06.03"]

1. e4 c5 2. Nf3 d6 3. d4 cxd4 4. Nxd4 Nf6 5. Nc3 a6 6. Be3 Nc6 7. Bd3 e6 8. O-O
Be7 9. f4 Qc7 10. Qf3 Bd7 11. Rab1 O-O 12. g4 e5 13. Nf5 Bxf5 14. exf5 Nd7 15.
Qe4 f6 16. g5 Nc5 17. Bxc5 dxc5 18. Bc4+ Kh8 19. Nd5 Qd8 20. Rf3 fxg5 21. Bd3
Nd4 22. f6 Nxf3+ 23. Kf2 g6 24. fxe7 Nd2 25. Qxe5+ Kg8 26. exd8=Q Raxd8 27.
Nf6+ Kg7 28. Ne4+ Kh6 29. Nxd2 Rxf4+ 30. Ke3 Rdf8 31. Rg1 1-0

[Event "DEM U10w 2017"]
[Site "Willingen GER"]
[Date "2017.06.06"]
[Round "5"]
[White "Ottlik, Marie"]
[Black "Ulrich, Helena Irene"]
[Result "1/2-1/2"]
[Termination "normal"]
[Board "10"]
[WhiteElo "1013"]
[BlackElo "1097"]
[PlyCount "99"]
[WhiteFideId "16281730"]
[BlackFideId "16256000"]
[EventCountry "GER"]
[EventRounds "11"]
[EventType "swiss"]
[EventDate "2017.06.03"]

1. e4 c5 2. Nf3 d6 3. d4 cxd4 4. Nxd4 Nf6 5. Nc3 a6 6. Bd3 e5 7. Nf3 Be7 8. O-O
O-O 9. Be3 Be6 10. Re1 Nbd7 11. Qd2 Qc7 12. Rad1 Rfc8 13. h3 b5 14. a3 Nb6 15.
Ng5 d5 16. exd5 Bxd5 17. Nxd5 Nbxd5 18. Be4 Nxe3 19. Rxe3 Nxe4 20. Nxe4 Qxc2
21. Qxc2 Rxc2 22. Rd7 Bc5 23. Nxc5 Rxc5 24. Red3 h6 25. R3d5 Rxd5 26. Rxd5 f6
27. g3 Kf7 28. f4 Ke6 29. Rd2 exf4 30. gxf4 g5 31. fxg5 hxg5 32. Kg2 Rh8 33. b4
Kf5 34. Rf2+ Kg6 35. Kg3 Rd8 36. h4 Rd3+ 37. Rf3 Rxf3+ 38. Kxf3 gxh4 39. Kg4
f5+ 40. Kxh4 f4 41. Kg4 Kf6 42. Kxf4 Ke6 43. Ke4 Kd6 44. Kd4 Kc6 45. Ke5 Kb6
46. Kd6 a5 47. bxa5+ Kxa5 48. Kc5 Ka4 49. Kc6 Kxa3 50. Kxb5 1/2-1/2

[Event "DEM U10w 2017"]
[Site "Willingen GER"]
[Date "2017.06.06"]
[Round "5"]
[White "Bräutigam, Katerina"]
[Black "Schupfer, Victoria"]
[Result "1-0"]
[Termination "normal"]
[Board "11"]
[WhiteElo "1064"]
[BlackElo "830"]
[PlyCount "117"]
[WhiteFideId "16242980"]
[EventCountry "GER"]
[EventRounds "11"]
[EventType "swiss"]
[EventDate "2017.06.03"]

1. c4 e5 2. Nc3 Nc6 3. Nf3 d6 4. g3 g6 5. Bg2 Bg7 6. a3 Nge7 7. d3 O-O 8. O-O
Be6 9. Qd2 Qd7 10. Ng5 Bf5 11. b4 f6 12. Nf3 Be6 13. Bb2 Qc8 14. e3 Bf7 15.
Rac1 b6 16. Rfe1 a5 17. bxa5 Nxa5 18. Qc2 Be6 19. Nd2 Nec6 20. Nb5 f5 21. d4
Bf7 22. d5 Nb8 23. Qc3 Nd7 24. f4 Nf6 25. fxe5 dxe5 26. Rb1 Nh5 27. Qb4 Qd7 28.
d6 Nc6 29. Bxc6 Qxc6 30. dxc7 Be6 31. Rf1 f4 32. exf4 Bh3 33. Rf2 exf4 34. Qd6
Qb7 35. Qd5+ Qxd5 36. cxd5 fxg3 37. hxg3 Rf5 38. Rxf5 Bxf5 39. Rc1 Bxb2 40. Rc6
Nxg3 41. Rxb6 Ra4 42. Rb8+ Kg7 43. d6 Rg4 44. Kf2 Nh1+ 45. Ke2 Ng3+ 46. Ke1 Rf4
47. Re8 Rh4 48. Re7+ Kh6 49. d7 Rh1+ 50. Kf2 Rh2+ 51. Kxg3 Rxd2 52. c8=Q Rd3+
53. Kf2 Rd2+ 54. Re2 Bxd7 55. Qf8+ Bg7 56. Qf4+ Kh5 57. Rxd2 Bxb5 58. Rd5+ g5
59. Qxg5# 1-0

[Event "DEM U10w 2017"]
[Site "Willingen GER"]
[Date "2017.06.06"]
[Round "5"]
[White "Vianden, Ella"]
[Black "Heinze, Sofie"]
[Result "1-0"]
[Termination "normal"]
[Board "12"]
[WhiteElo "1050"]
[BlackElo "850"]
[PlyCount "29"]
[WhiteFideId "16235592"]
[BlackFideId "16226461"]
[EventCountry "GER"]
[EventRounds "11"]
[EventType "swiss"]
[EventDate "2017.06.03"]

1. e4 e5 2. Nf3 Nc6 3. Bb5 Bc5 4. c3 Nf6 5. O-O a6 6. Ba4 b5 7. Bb3 d6 8. d4
exd4 9. cxd4 Bb6 10. Qe2 Bxd4 11. Rd1 Bc5 12. e5 Nh5 13. Ng5 O-O 14. Qxh5 Nxe5
15. Qxh7# 1-0

[Event "DEM U10w 2017"]
[Site "Willingen GER"]
[Date "2017.06.06"]
[Round "5"]
[White "Prinzen, Siri Marleen"]
[Black "Pröttel, Ela"]
[Result "1-0"]
[Termination "normal"]
[Board "13"]
[WhiteElo "951"]
[BlackElo "1050"]
[PlyCount "71"]
[WhiteFideId "16265912"]
[BlackFideId "44582749"]
[EventCountry "GER"]
[EventRounds "11"]
[EventType "swiss"]
[EventDate "2017.06.03"]

1. e4 e5 2. Nf3 Nc6 3. Bc4 Bc5 4. O-O Nf6 5. d3 d6 6. h3 Be6 7. Bb3 O-O 8. Bg5
h6 9. Bh4 Re8 10. Nc3 g5 11. Nxg5 hxg5 12. Bxg5 Rc8 13. Qf3 Kg7 14. Ne2 Bd4 15.
c3 Bb6 16. Ng3 Rg8 17. Bxf6+ Qxf6 18. Nh5+ Kf8 19. Nxf6 Rg6 20. Bxe6 fxe6 21.
Nh7+ Kg8 22. Qh5 Ne7 23. Ng5 Rg7 24. Nxe6 Re8 25. Qxe8+ Kh7 26. Nxg7 Kxg7 27.
Qxe7+ Kg6 28. g4 Kh6 29. h4 Kg6 30. Qe6+ Kg7 31. h5 Kf8 32. h6 a6 33. h7 Kg7
34. Qe7+ Kh6 35. h8=Q+ Kg6 36. Qhh7# 1-0

[Event "DEM U10w 2017"]
[Site "Willingen GER"]
[Date "2017.06.06"]
[Round "5"]
[White "Hebestreit, Marie"]
[Black "Peglau, Charis"]
[Result "0-1"]
[Termination "normal"]
[Board "14"]
[WhiteElo "896"]
[BlackElo "1193"]
[PlyCount "56"]
[BlackFideId "16219996"]
[EventCountry "GER"]
[EventRounds "11"]
[EventType "swiss"]
[EventDate "2017.06.03"]

1. e4 e5 2. Nf3 Nc6 3. Nc3 Nf6 4. Bc4 Be7 5. d3 d6 6. Bd2 Bg4 7. h3 Bh5 8. Bb5
O-O 9. g4 Bg6 10. Nh4 Nd4 11. Nxg6 fxg6 12. g5 Nh5 13. Bc4+ Kh8 14. Bb3 Nf4 15.
Qg4 Bxg5 16. h4 Bxh4 17. Rxh4 Qxh4 18. Qxh4 Ng2+ 19. Kd1 Nxh4 20. Bg5 Ng2 21.
Kd2 Rxf2+ 22. Ne2 Rxe2+ 23. Kc3 h6 24. Bd2 a5 25. Rf1 c6 26. Bg5 hxg5 27. Rh1+
Nh4 28. Bc4 Rxc2# 0-1

[Event "DEM U10w 2017"]
[Site "Willingen GER"]
[Date "2017.06.06"]
[Round "5"]
[White "Adelmeyer, Nelly"]
[Black "Margaryan, Venera"]
[Result "1-0"]
[Termination "normal"]
[Board "15"]
[WhiteElo "1187"]
[BlackElo "773"]
[PlyCount "83"]
[WhiteFideId "16203577"]
[BlackFideId "16266226"]
[EventCountry "GER"]
[EventRounds "11"]
[EventType "swiss"]
[EventDate "2017.06.03"]

1. e4 c5 2. c3 e6 3. d4 Nf6 4. Bg5 Nc6 5. e5 Be7 6. exf6 Bxf6 7. Bxf6 Qxf6 8.
Nf3 O-O 9. dxc5 d5 10. Bb5 Qg6 11. O-O e5 12. Qd3 e4 13. Nh4 exd3 14. Nxg6 fxg6
15. Bxd3 Re8 16. Nd2 Bd7 17. Nf3 Bg4 18. Nd4 Ne5 19. Bb5 Re7 20. Rfe1 a6 21.
Ba4 b5 22. Bb3 Rae8 23. Bxd5+ Kh8 24. Kh1 Nd3 25. Rxe7 Rxe7 26. f3 Bd7 27. b4
Nf2+ 28. Kg1 Nd3 29. c6 Be8 30. Ne6 Bf7 31. Be4 Rxe6 32. Bxd3 Rxc6 33. a4 Rxc3
34. Be4 Rc4 35. axb5 Rxb4 36. bxa6 Kg8 37. a7 Kf8 38. a8=Q+ Ke7 39. Qa3 Kd8 40.
Rd1+ Kc8 41. Qxb4 Kc7 42. Qb7# 1-0

[Event "DEM U10w 2017"]
[Site "Willingen GER"]
[Date "2017.06.06"]
[Round "5"]
[White "Khanbekyan, Nare"]
[Black "Nguyen, Jenny Ha Linh"]
[Result "0-1"]
[Termination "normal"]
[Board "16"]
[WhiteElo "952"]
[BlackElo "1102"]
[PlyCount "86"]
[WhiteFideId "16270916"]
[BlackFideId "16209729"]
[EventCountry "GER"]
[EventRounds "11"]
[EventType "swiss"]
[EventDate "2017.06.03"]

1. e4 e5 2. Nf3 Nc6 3. d4 exd4 4. Bc4 Nf6 5. e5 d5 6. Bb5 Ne4 7. Nxd4 Bd7 8.
Bxc6 bxc6 9. O-O Bc5 10. Be3 Bb6 11. Nd2 Nxd2 12. Qxd2 c5 13. Nb3 Bb5 14. Rfd1
d4 15. Bg5 Qd7 16. c3 d3 17. Be3 c4 18. Bxb6 axb6 19. Nd4 c5 20. Nxb5 Qxb5 21.
Re1 O-O 22. Qg5 h6 23. Qg4 d2 24. Re3 Qxb2 25. Rd1 Rxa2 26. Rg3 g6 27. h3 Ra1
28. Rxa1 Qxa1+ 29. Kh2 d1=Q 30. Qxd1 Qxd1 31. f4 Qd3 32. h4 Qxg3+ 33. Kxg3 Rd8
34. Kh3 Rd3+ 35. g3 Rxc3 36. Kg2 b5 37. Kh3 h5 38. Kg2 b4 39. Kh3 b3 40. Kg2 b2
41. Kh3 b1=Q 42. Kh2 Rc2+ 43. Kh3 Qh1# 0-1

[Event "DEM U10w 2017"]
[Site "Willingen GER"]
[Date "2017.06.06"]
[Round "5"]
[White "Truong, Bao Ngoc"]
[Black "Youness, Jolie"]
[Result "0-1"]
[Termination "normal"]
[Board "17"]
[WhiteElo "749"]
[BlackElo "768"]
[PlyCount "98"]
[EventCountry "GER"]
[EventRounds "11"]
[EventType "swiss"]
[EventDate "2017.06.03"]

1. c4 e5 2. Nc3 Nc6 3. Nf3 Bc5 4. b3 d6 5. Bb2 Nf6 6. e4 Bg4 7. Be2 Nd4 8. Na4
Nxe4 9. Bxd4 Bxd4 10. Nxd4 exd4 11. Bxg4 Qf6 12. O-O O-O 13. Qf3 Nxd2 14. Qxf6
gxf6 15. Rfe1 Kh8 16. Rad1 Rg8 17. h3 Rg7 18. Rxd2 Rag8 19. Rxd4 f5 20. Bxf5
Rxg2+ 21. Kf1 Rg1+ 22. Ke2 Re8+ 23. Re4 Rxe4+ 24. Bxe4 Rg5 25. Bxb7 Re5+ 26.
Kd1 Rh5 27. Rf1 Kg8 28. Nc3 Rxh3 29. Ne4 h5 30. Ng5 Rd3+ 31. Ke1 f5 32. f3 Kg7
33. Ba6 Rc3 34. Ne6+ Kf6 35. Nxc7 Rc2 36. Nd5+ Ke5 37. Kd1 Rxa2 38. Re1+ Kd4
39. Nb4 Rb2 40. Nc6+ Kc5 41. Re2 Rxb3 42. f4 Kxc6 43. Bc8 Kc5 44. Rc2 Kd4 45.
Bxf5 h4 46. Bg4 Kd3 47. Ke1 Ke3 48. Rf2 h3 49. Bxh3 Rb1# 0-1

[Event "DEM U10w 2017"]
[Site "Willingen GER"]
[Date "2017.06.06"]
[Round "5"]
[White "Heuberger, Sandra"]
[Black "Claussen, Kim Sophie"]
[Result "1-0"]
[Termination "normal"]
[Board "18"]
[WhiteElo "902"]
[BlackElo "845"]
[PlyCount "45"]
[WhiteFideId "16232151"]
[EventCountry "GER"]
[EventRounds "11"]
[EventType "swiss"]
[EventDate "2017.06.03"]

1. e4 e5 2. Nf3 Nc6 3. Bc4 Bc5 4. O-O Nf6 5. d3 h6 6. Nc3 d6 7. h3 O-O 8. Be3
Nd4 9. Re1 Re8 10. Nd5 Nxd5 11. Bxd5 Qf6 12. a3 Nxf3+ 13. gxf3 Qg6+ 14. Kh1 Be6
15. Rg1 Qh5 16. Qd2 Qxf3+ 17. Rg2 Bxd5 18. exd5 c6 19. Bxh6 cxd5 20. Qg5 Kf8
21. Bxg7+ Kg8 22. Bf6+ Kf8 23. Qg8# 1-0

[Event "DEM U10w 2017"]
[Site "Willingen GER"]
[Date "2017.06.07"]
[Round "6"]
[White "Roncea, Andreea-Alexandra"]
[Black "Pohle, Saskia"]
[Result "0-1"]
[Termination "normal"]
[Board "1"]
[WhiteElo "1361"]
[BlackElo "1416"]
[WhiteClock "00:01:38"]
[BlackClock "00:09:26"]
[PlyCount "98"]
[WhiteFideId "16233115"]
[BlackFideId "16201604"]
[EventCountry "GER"]
[EventRounds "11"]
[EventType "swiss"]
[EventDate "2017.06.03"]

1. e4 {[%clk 1:15:58]} 1... e5 {[%clk 1:15:56]} 2. Nf3 {[%clk 1:16:23]} 2...
Nc6 {[%clk 1:16:21]} 3. Bc4 {[%clk 1:16:47]} 3... Nf6 {[%clk 1:16:47]} 4. d3 {
[%clk 1:17:11]} 4... Be7 {[%clk 1:17:07]} 5. Bb3 {[%clk 1:17:26]} 5... O-O {
[%clk 1:16:58]} 6. O-O {[%clk 1:17:47]} 6... d5 {[%clk 1:06:14]} 7. exd5 {
[%clk 1:17:42]} 7... Nxd5 {[%clk 1:06:37]} 8. Re1 {[%clk 1:17:53]} 8... Bg4 {
[%clk 1:06:36]} 9. h3 {[%clk 1:18:05]} 9... Bh5 {[%clk 1:06:48]} 10. Nbd2 {
[%clk 1:17:46]} 10... Re8 {[%clk 0:55:41]} 11. Ne4 {[%clk 1:16:32]} 11... Bf6 {
[%clk 0:51:17]} 12. Nxf6+ {[%clk 1:15:29]} 12... Nxf6 {[%clk 0:51:31]} 13. c3 {
[%clk 1:12:37]} 13... h6 {[%clk 0:49:20]} 14. Re3 {[%clk 1:06:56]} 14... Qd6 {
[%clk 0:45:51]} 15. Bc4 {[%clk 0:54:26]} 15... e4 {[%clk 0:44:03]} 16. Bxf7+ {
[%clk 0:47:04]} 16... Bxf7 {[%clk 0:43:15]} 17. Nh2 {[%clk 0:44:52]} 17... Rad8
{[%clk 0:41:37]} 18. d4 {[%clk 0:40:40]} 18... Ne5 {[%clk 0:34:26]} 19. Qc2 {
[%clk 0:29:46]} 19... Nc4 {[%clk 0:33:33]} 20. Re1 {[%clk 0:29:10]} 20... c5 {
[%clk 0:28:17]} 21. dxc5 {[%clk 0:28:20]} 21... Qxc5 {[%clk 0:28:38]} 22. b3 {
[%clk 0:26:42]} 22... Ne5 {[%clk 0:27:17]} 23. Be3 {[%clk 0:26:23]} 23... Qc6 {
[%clk 0:25:34]} 24. Red1 {[%clk 0:21:32]} 24... a6 {[%clk 0:23:04]} 25. Bd4 {
[%clk 0:19:51]} 25... Nd3 {[%clk 0:20:33]} 26. Be3 {[%clk 0:18:20]} 26... Nd5 {
[%clk 0:19:36]} 27. Bd4 {[%clk 0:17:10]} 27... N5f4 {[%clk 0:18:04]} 28. Be3 {
[%clk 0:16:42]} 28... Bg6 {[%clk 0:16:24]} 29. Ng4 {[%clk 0:14:18]} 29... Rc8 {
[%clk 0:13:03]} 30. Bd4 {[%clk 0:14:04]} 30... Ne6 {[%clk 0:12:05]} 31. Qd2 {
[%clk 0:12:34]} 31... Nxd4 {[%clk 0:11:21]} 32. cxd4 {[%clk 0:12:55]} 32... Qd6
{[%clk 0:11:42]} 33. Qe3 {[%clk 0:12:40]} 33... Rc2 {[%clk 0:10:47]} 34. a3 {
[%clk 0:11:58]} 34... Rec8 {[%clk 0:10:27]} 35. d5 {[%clk 0:10:32]} 35... Qxd5
{[%clk 0:09:39]} 36. Qb6 {[%clk 0:10:30]} 36... Bh5 {[%clk 0:09:19]} 37. Ne3 {
[%clk 0:07:14]} 37... Qc6 {[%clk 0:08:13]} 38. Qxc6 {[%clk 0:07:06]} 38...
R2xc6 {[%clk 0:08:34]} 39. Rf1 {[%clk 0:06:10]} 39... Rc3 {[%clk 0:08:31]} 40.
b4 {[%clk 0:06:27]} 40... Rf8 {[%clk 0:08:23]} 41. Ra2 {[%clk 0:05:56]} 41...
Ne5 {[%clk 0:07:34]} 42. g4 {[%clk 0:05:53]} 42... Bg6 {[%clk 0:07:38]} 43. Nd5
{[%clk 0:05:11]} 43... Rxh3 {[%clk 0:07:46]} 44. Ne7+ {[%clk 0:03:44]} 44...
Kh7 {[%clk 0:08:12]} 45. Nxg6 {[%clk 0:03:28]} 45... Kxg6 {[%clk 0:08:36]} 46.
Kg2 {[%clk 0:03:30]} 46... Rh4 {[%clk 0:08:58]} 47. Rd2 {[%clk 0:02:18]} 47...
Rxg4+ {[%clk 0:09:15]} 48. Kh3 {[%clk 0:02:23]} 48... Rf5 {[%clk 0:09:02]} 49.
Rd6+ {[%clk 0:01:38]} 49... Kh7 {[%clk 0:09:26]} 0-1

[Event "DEM U10w 2017"]
[Site "Willingen GER"]
[Date "2017.06.07"]
[Round "6"]
[White "Winkler, Sarah"]
[Black "von Beckh, Frieda"]
[Result "0-1"]
[Termination "normal"]
[Board "2"]
[WhiteElo "1251"]
[BlackElo "1248"]
[WhiteClock "00:33:31"]
[BlackClock "00:42:36"]
[PlyCount "52"]
[WhiteFideId "16274431"]
[BlackFideId "16233751"]
[EventCountry "GER"]
[EventRounds "11"]
[EventType "swiss"]
[EventDate "2017.06.03"]

1. e4 {[%clk 1:15:55]} 1... d5 {[%clk 1:15:54]} 2. exd5 {[%clk 1:16:17]} 2...
Nf6 {[%clk 1:16:15]} 3. d4 {[%clk 1:16:14]} 3... Bg4 {[%clk 1:16:37]} 4. Nf3 {
[%clk 1:16:23]} 4... Nxd5 {[%clk 1:16:28]} 5. Be2 {[%clk 1:16:23]} 5... Nc6 {
[%clk 1:16:29]} 6. c4 {[%clk 1:16:03]} 6... Nf6 {[%clk 1:15:15]} 7. Be3 { [%clk
1:16:03]} 7... e6 {[%clk 1:15:16]} 8. O-O {[%clk 1:15:21]} 8... Qd7 { [%clk
1:14:34]} 9. h3 {[%clk 1:14:52]} 9... Bh5 {[%clk 1:14:45]} 10. Nc3 { [%clk
1:14:27]} 10... O-O-O {[%clk 1:14:44]} 11. Ne5 {[%clk 1:06:45]} 11... Bxe2
{[%clk 1:12:32]} 12. Nxe2 {[%clk 1:06:45]} 12... Nxe5 {[%clk 1:11:44]} 13. dxe5
{[%clk 1:07:04]} 13... Ne4 {[%clk 1:08:19]} 14. a3 {[%clk 1:03:14]} 14... Be7
{[%clk 1:04:55]} 15. f3 {[%clk 1:02:46]} 15... Ng5 {[%clk 1:01:24]} 16. h4
{[%clk 1:02:32]} 16... Qc6 {[%clk 0:59:18]} 17. Qb3 {[%clk 1:01:41]} 17...
Nxf3+ {[%clk 0:58:02]} 18. Rxf3 {[%clk 1:01:43]} 18... Qe4 {[%clk 0:53:53]} 19.
Rc1 {[%clk 0:45:39]} 19... Rd3 {[%clk 0:52:29]} 20. Rc3 {[%clk 0:45:19]} 20...
Rhd8 {[%clk 0:51:26]} 21. Ng3 {[%clk 0:42:12]} 21... Rd1+ {[%clk 0:45:22]} 22.
Rf1 {[%clk 0:36:55]} 22... Rxf1+ {[%clk 0:44:07]} 23. Kxf1 {[%clk 0:37:01]}
23... Qxe5 {[%clk 0:43:38]} 24. Bf2 {[%clk 0:35:15]} 24... Bxh4 {[%clk 0:42:41]
} 25. Qb5 {[%clk 0:34:18]} 25... Rd1+ {[%clk 0:42:14]} 26. Be1 {[%clk 0:33:31]}
26... Qxe1# {[%clk 0:42:36]} 0-1

[Event "DEM U10w 2017"]
[Site "Willingen GER"]
[Date "2017.06.07"]
[Round "6"]
[White "Peglau, Dora"]
[Black "Labuda, Annika"]
[Result "1/2-1/2"]
[Termination "normal"]
[Board "3"]
[WhiteElo "1159"]
[BlackElo "1144"]
[WhiteClock "00:46:25"]
[BlackClock "00:48:15"]
[PlyCount "98"]
[WhiteFideId "16220005"]
[BlackFideId "16261453"]
[EventCountry "GER"]
[EventRounds "11"]
[EventType "swiss"]
[EventDate "2017.06.03"]

1. e4 {[%clk 1:15:57]} 1... e5 {[%clk 1:15:54]} 2. Nc3 {[%clk 1:16:10]} 2...
Nc6 {[%clk 1:16:09]} 3. Bc4 {[%clk 1:16:33]} 3... Nf6 {[%clk 1:16:09]} 4. Nf3 {
[%clk 1:16:31]} 4... Nxe4 {[%clk 1:15:52]} 5. Nxe4 {[%clk 1:16:46]} 5... d5 {
[%clk 1:15:36]} 6. Bxd5 {[%clk 1:16:59]} 6... Qxd5 {[%clk 1:15:22]} 7. d3 {
[%clk 1:17:21]} 7... Bg4 {[%clk 1:13:09]} 8. Be3 {[%clk 1:17:08]} 8... Bd6 {
[%clk 1:11:14]} 9. c4 {[%clk 1:16:16]} 9... Qe6 {[%clk 1:10:25]} 10. Nxd6+ {
[%clk 1:16:00]} 10... cxd6 {[%clk 1:10:03]} 11. h3 {[%clk 1:15:15]} 11... Bf5 {
[%clk 1:09:16]} 12. a3 {[%clk 1:14:26]} 12... O-O {[%clk 1:08:34]} 13. O-O {
[%clk 1:13:53]} 13... Qg6 {[%clk 1:06:16]} 14. Nh4 {[%clk 1:13:44]} 14... Qf6 {
[%clk 1:05:58]} 15. Nxf5 {[%clk 1:14:00]} 15... Qxf5 {[%clk 1:06:05]} 16. Rc1 {
[%clk 1:13:04]} 16... b6 {[%clk 1:05:02]} 17. f4 {[%clk 1:06:56]} 17... Rfe8
18. fxe5 {[%clk 1:02:03]} 18... Qxe5 {[%clk 1:02:26]} 19. Bf4 {[%clk 0:59:47]}
19... Qxb2 {[%clk 1:00:09]} 20. Bxd6 {[%clk 0:58:45]} 20... Qd4+ { [%clk
1:00:15]} 21. Kh1 {[%clk 0:58:33]} 21... Qxd6 {[%clk 1:00:14]} 22. Qf3 { [%clk
0:58:38]} 22... Re7 {[%clk 0:59:52]} 23. Rce1 {[%clk 0:58:08]} 23... Rf8 {[%clk
0:58:38]} 24. Rxe7 {[%clk 0:57:19]} 24... Qxe7 {[%clk 0:58:19]} 25. Qxc6 {[%clk
0:57:26]} 25... Qxa3 {[%clk 0:57:50]} 26. d4 {[%clk 0:56:05]} 26... Rd8 {[%clk
0:56:44]} 27. Qc7 {[%clk 0:55:26]} 27... Qf8 {[%clk 0:55:58]} 28. d5 { [%clk
0:55:36]} 28... Rc8 {[%clk 0:55:04]} 29. Qxa7 {[%clk 0:53:47]} 29... Rxc4
{[%clk 0:54:18]} 30. Qxb6 {[%clk 0:53:33]} 30... Qc5 {[%clk 0:53:05]} 31. Re1 {
[%clk 0:47:36]} 31... h6 {[%clk 0:51:31]} 32. Re8+ {[%clk 0:47:05]} 32... Kh7 {
[%clk 0:48:23]} 33. Qxc5 {[%clk 0:47:00]} 33... Rxc5 {[%clk 0:48:44]} 34. Rd8 {
[%clk 0:47:12]} 34... Kg6 {[%clk 0:49:06]} 35. g4 {[%clk 0:47:30]} 35... Kf6 {
[%clk 0:49:28]} 36. Kg2 {[%clk 0:47:21]} 36... Ke5 {[%clk 0:49:19]} 37. d6 {
[%clk 0:46:04]} 37... Rd5 {[%clk 0:48:51]} 38. Rd7 {[%clk 0:45:55]} 38... Rxd6
{[%clk 0:48:26]} 39. Rxf7 {[%clk 0:46:09]} 39... Rg6 {[%clk 0:47:50]} 40. Kg3 {
[%clk 0:45:31]} 40... Ke6 {[%clk 0:47:49]} 41. Rf5 {[%clk 0:45:38]} 41... Rf6 {
[%clk 0:47:44]} 42. Rxf6+ {[%clk 0:45:33]} 42... Kxf6 {[%clk 0:46:46]} 43. Kf4
{[%clk 0:45:28]} 43... g5+ {[%clk 0:46:51]} 44. Ke4 {[%clk 0:45:25]} 44... Ke6
{[%clk 0:46:59]} 45. Kf3 {[%clk 0:45:17]} 45... Ke5 {[%clk 0:47:16]} 46. Kg3 {
[%clk 0:45:33]} 46... Ke4 {[%clk 0:47:34]} 47. h4 {[%clk 0:45:48]} 47... gxh4+
{[%clk 0:47:57]} 48. Kxh4 {[%clk 0:46:12]} 48... Kf4 {[%clk 0:48:15]} 49. Kh5 {
[%clk 0:46:25]} 49... Kf3 1/2-1/2